000 00373cam a22001574a 4500
005 20250605164343.0
008 250528s ||||||||||||||||||||||||d
035 _a23689
040 _aGR-AtMCL
_bgre
_dGR-AtMCL
_eAACR2
245 1 _aIntroduction to Marketing
260 _c2008
700 1 _aLamamra Zoulika
_99264
942 _cDS
999 _c8666
_d8666